[Event "2017 Oceania Zone 3.6 Zonal Championship"]
[Site "Auckland NZL"]
[Date "2017.01.14"]
[Round "1.1"]
[White "Smirnov, Anton"]
[Black "Hair, Philip I"]
[Result "1-0"]
[WhiteElo "2519"]
[BlackElo "1877"]
[PlyCount "63"]
[EventDate "2017.01.14"]

1. d4 d5 2. Nf3 Nc6 3. g3 Nf6 4. Bg2 Bf5 5. O-O e6 6. c4 Be7 7. Nc3 Ne4 8. cxd5
Nxc3 9. bxc3 exd5 10. Nd2 Na5 11. Ba3 c6 12. Bxe7 Qxe7 13. Qa4 Qd8 14. Qb4 Qc7
15. c4 Nxc4 16. Nxc4 dxc4 17. e4 Bd7 18. Rfc1 a5 19. Qc5 b5 20. a4 O-O-O 21.
Rab1 h5 22. e5 Rh6 23. axb5 cxb5 24. Rxc4 Qxc5 25. Rxc5+ Kb8 26. Rd5 Rb6 27.
Bh3 Rb7 28. Rxd7 Rdxd7 29. Bxd7 Rxd7 30. Rxb5+ Kc8 31. Rxa5 Rxd4 32. Ra7 1-0

[Event "2017 Oceania Zone 3.6 Zonal Championship"]
[Site "Auckland NZL"]
[Date "2017.01.14"]
[Round "1.2"]
[White "Yung, Cameron"]
[Black "Illingworth, Max"]
[Result "0-1"]
[WhiteElo "1862"]
[BlackElo "2481"]
[PlyCount "48"]
[EventDate "2017.01.14"]

1. e4 e6 2. Qe2 Nc6 3. Nf3 e5 4. d3 Nf6 5. Bg5 h6 6. Bh4 Be7 7. Nc3 d6 8. h3
Be6 9. Bxf6 Bxf6 10. Nd5 O-O 11. g4 Bxd5 12. exd5 Nb4 13. c4 Nxd3+ 14. Qxd3 e4
15. Qc2 exf3 16. O-O-O c5 17. Qf5 Qb6 18. Qc2 Rfe8 19. h4 Qa5 20. Kb1 Re1 21.
Bd3 Rae8 22. Rhxe1 Rxe1 23. h5 Qb4 24. Kc1 Bxb2+ 0-1

[Event "2017 Oceania Zone 3.6 Zonal Championship"]
[Site "Auckland NZL"]
[Date "2017.01.14"]
[Round "1.3"]
[White "Lane, Gary W"]
[Black "Winkelman, Albert"]
[Result "1-0"]
[WhiteElo "2404"]
[BlackElo "1860"]
[PlyCount "61"]
[EventDate "2017.01.14"]

1. e4 e5 2. Bc4 Nf6 3. d3 Nc6 4. Nf3 Be7 5. O-O d6 6. c3 O-O 7. Re1 Na5 8. Bb5
a6 9. Ba4 b5 10. Bc2 c5 11. Nbd2 Re8 12. Nf1 Bf8 13. Ng3 g6 14. h3 Bg7 15. Be3
Qc7 16. Qd2 d5 17. Bh6 Rb8 18. Bxg7 Kxg7 19. exd5 h6 20. b4 cxb4 21. cxb4 Nb7
22. d4 e4 23. Nxe4 Nxe4 24. Rxe4 Rxe4 25. Bxe4 Nd6 26. Bd3 Bb7 27. Qf4 Rc8 28.
Re1 Nc4 29. Qg4 Bxd5 30. Nh4 Nd6 31. Nxg6 1-0

[Event "2017 Oceania Zone 3.6 Zonal Championship"]
[Site "Auckland NZL"]
[Date "2017.01.14"]
[Round "1.4"]
[White "Zhang, William Jiewen"]
[Black "Wastney, Scott"]
[Result "0-1"]
[WhiteElo "1856"]
[BlackElo "2350"]
[PlyCount "46"]
[EventDate "2017.01.14"]

1. d4 Nf6 2. c4 e6 3. Nc3 Bb4 4. Qc2 d5 5. a3 Bxc3+ 6. Qxc3 dxc4 7. Qxc4 O-O 8.
Bf4 b6 9. Qxc7 Qd5 10. Rc1 Ba6 11. Nf3 Nbd7 12. Qd6 Qa2 13. Qb4 Nd5 14. Qa4
Nxf4 15. Qxa6 Qxb2 16. Rd1 Qc3+ 17. Rd2 Rac8 18. e3 Qa1+ 19. Rd1 Rc1 20. Qa4
Nd5 21. Qc2 Rxd1+ 22. Qxd1 Qxa3 23. Bd3 Nc3 0-1

[Event "2017 Oceania Zone 3.6 Zonal Championship"]
[Site "Auckland NZL"]
[Date "2017.01.14"]
[Round "1.5"]
[White "Zelesco, Karl"]
[Black "Picken, Oliver"]
[Result "1-0"]
[WhiteElo "2345"]
[BlackElo "1853"]
[PlyCount "43"]
[EventDate "2017.01.14"]

1. d4 Nf6 2. c4 e5 3. dxe5 Ng4 4. Bf4 g5 5. Bg3 Bg7 6. Nf3 Nc6 7. Nc3 Ngxe5 8.
Nxe5 Nxe5 9. e3 d6 10. c5 dxc5 11. Qxd8+ Kxd8 12. O-O-O+ Bd7 13. Be2 Kc8 14.
Ne4 h6 15. Nxc5 Bc6 16. f4 Nd7 17. Bg4 Rd8 18. Rxd7 Bxd7 19. Nxd7 h5 20. Bf5 h4
21. Rd1 Rh8 22. Nf8+ 1-0

[Event "2017 Oceania Zone 3.6 Zonal Championship"]
[Site "Auckland NZL"]
[Date "2017.01.14"]
[Round "1.6"]
[White "Davis, Tony J"]
[Black "Kulashko, Alexei"]
[Result "0-1"]
[WhiteElo "1851"]
[BlackElo "2344"]
[PlyCount "80"]
[EventDate "2017.01.14"]

1. e4 c5 2. d4 cxd4 3. c3 dxc3 4. Nxc3 Nc6 5. Nf3 e6 6. Bc4 Bc5 7. O-O Nge7 8.
Bf4 Ng6 9. Bd6 Bxd6 10. Qxd6 Qe7 11. Rfd1 Qxd6 12. Rxd6 Nge5 13. Nxe5 Nxe5 14.
Bb3 g5 15. Nb5 Ke7 16. Rad1 a6 17. Nc3 b5 18. R6d4 Bb7 19. a4 Bc6 20. a5 Ra7
21. f3 Ba8 22. R4d2 Rc8 23. Ne2 Rac7 24. Kf2 Rc5 25. g3 R8c7 26. Rd6 Nc6 27.
Nd4 b4 28. Nxc6+ Bxc6 29. R6d4 Rb7 30. Ra1 Rbb5 31. Rc4 Rxa5 32. Rxc5 Rxa1 33.
Rxg5 Rb1 34. Bc4 Rxb2+ 35. Ke3 Rxh2 36. Bxa6 b3 37. Rg8 Bb7 38. Bd3 Kd6 39. e5+
Kxe5 40. Rb8 Bd5 0-1

[Event "2017 Oceania Zone 3.6 Zonal Championship"]
[Site "Auckland NZL"]
[Date "2017.01.14"]
[Round "1.7"]
[White "Hague, Ben"]
[Black "Taylor, Richard"]
[Result "1/2-1/2"]
[WhiteElo "2333"]
[BlackElo "1848"]
[PlyCount "83"]
[EventDate "2017.01.14"]

1. e4 c5 2. Nf3 Nc6 3. d4 cxd4 4. Nxd4 Nf6 5. Nc3 d6 6. Bg5 Bd7 7. Qd2 a6 8.
O-O-O b5 9. Bxf6 gxf6 10. Kb1 h5 11. Nf5 Bxf5 12. exf5 Bh6 13. f4 Rc8 14. g3
Ne5 15. Nd5 Nc4 16. Bxc4 bxc4 17. Rhe1 c3 18. Nxc3 O-O 19. Nd5 Re8 20. Qe2 Kf8
21. Qxh5 Bg7 22. Qf3 e6 23. Ne3 Qb6 24. Re2 Rb8 25. b3 d5 26. h4 d4 27. Nc4 Qc5
28. Qd3 e5 29. Rf1 e4 30. Rxe4 Rxe4 31. Qxe4 Qxc4 32. Rd1 Qb5 33. Qxd4 Kg8 34.
g4 Qe2 35. Rg1 Rc8 36. Qd1 Qh2 37. g5 Rxc2 38. gxf6 Rb2+ 39. Kc1 Rc2+ 40. Kb1
Rb2+ 41. Kc1 Rc2+ 42. Kb1 1/2-1/2

[Event "2017 Oceania Zone 3.6 Zonal Championship"]
[Site "Auckland NZL"]
[Date "2017.01.14"]
[Round "1.8"]
[White "Rains, Timothy"]
[Black "Dale, Ari"]
[Result "0-1"]
[WhiteElo "1839"]
[BlackElo "2333"]
[PlyCount "54"]
[EventDate "2017.01.14"]

1. d4 Nf6 2. c4 g6 3. Nc3 d5 4. cxd5 Nxd5 5. e4 Nxc3 6. bxc3 Bg7 7. Bc4 c5 8.
Ne2 Nc6 9. Be3 O-O 10. O-O b6 11. f4 Bg4 12. e5 cxd4 13. cxd4 Rc8 14. Ba6 Rc7
15. Qa4 Bd7 16. Qa3 b5 17. Rab1 b4 18. Qb2 Be6 19. Ng3 Qd5 20. f5 Bxf5 21. Nxf5
gxf5 22. Rxf5 Qe4 23. Rf3 Rd8 24. Qb3 Nxd4 25. Qxf7+ Kh8 26. Rg3 Qxb1+ 27. Bf1
Ne2+ 0-1

[Event "2017 Oceania Zone 3.6 Zonal Championship"]
[Site "Auckland NZL"]
[Date "2017.01.14"]
[Round "1.9"]
[White "Dive, Russell J"]
[Black "Zhao, Isaac"]
[Result "1-0"]
[WhiteElo "2304"]
[BlackElo "1838"]
[PlyCount "85"]
[EventDate "2017.01.14"]

1. Nf3 Nf6 2. c4 e6 3. g3 d5 4. Bg2 dxc4 5. Qa4+ Nbd7 6. Qxc4 a6 7. Qc2 c5 8.
a4 b6 9. O-O Bb7 10. b3 Be7 11. Bb2 O-O 12. Na3 Nd5 13. Rac1 Qb8 14. Qb1 Rc8
15. Rfd1 Bc6 16. Nc4 b5 17. axb5 Qxb5 18. Qa1 f6 19. Na5 Rab8 20. d4 Bd8 21.
Nxc6 Rxc6 22. dxc5 Rxc5 23. Nd4 Rxc1 24. Qxc1 Qb7 25. Nxe6 N7b6 26. Qd2 Qc6 27.
Bxd5 Nxd5 28. Qxd5 Qxd5 29. Rxd5 Be7 30. Rd7 Kf7 31. Ba3 Kxe6 32. Rxe7+ Kf5 33.
Rxg7 Rxb3 34. Bc5 Rb5 35. Rxh7 Kg6 36. Rc7 a5 37. Bd4 Rb4 38. e3 a4 39. Rc6 Kg5
40. Bxf6+ Kg4 41. Kg2 a3 42. Ra6 Rb3 43. Be7 1-0

[Event "2017 Oceania Zone 3.6 Zonal Championship"]
[Site "Auckland NZL"]
[Date "2017.01.14"]
[Round "1.10"]
[White "Maligin, William"]
[Black "Gong, Patrick"]
[Result "0-1"]
[WhiteElo "1834"]
[BlackElo "2303"]
[PlyCount "62"]
[EventDate "2017.01.14"]

1. d4 Nf6 2. c4 c5 3. d5 d6 4. Nc3 g6 5. e4 Bg7 6. Nf3 O-O 7. Be2 e5 8. Bg5 h6
9. Bh4 Na6 10. a3 Nc7 11. Qc2 Bd7 12. Rb1 g5 13. Nxg5 hxg5 14. Bxg5 Qe8 15. h4
Nh7 16. Qd2 f5 17. g3 b5 18. Bh6 b4 19. Bxg7 Kxg7 20. axb4 cxb4 21. Nd1 Na6 22.
exf5 Bxf5 23. Ra1 Nc5 24. Qxb4 Bd3 25. Qc3 Bxe2 26. Kxe2 Qh5+ 27. Ke1 Ng5 28.
g4 Qxg4 29. hxg5 Qe4+ 30. Qe3 Qxh1+ 31. Kd2 Rf3 0-1

[Event "2017 Oceania Zone 3.6 Zonal Championship"]
[Site "Auckland NZL"]
[Date "2017.01.14"]
[Round "1.11"]
[White "Ker, Anthony F"]
[Black "Eade, Don"]
[Result "1-0"]
[WhiteElo "2300"]
[BlackElo "1831"]
[PlyCount "37"]
[EventDate "2017.01.14"]

1. e4 e6 2. d4 d5 3. e5 c5 4. c3 Nc6 5. Nf3 Bd7 6. Bd3 Qb6 7. O-O cxd4 8. cxd4
Nh6 9. Nc3 Nf5 10. Bxf5 exf5 11. Nxd5 Qa5 12. Nf4 O-O-O 13. Qb3 Qb4 14. Qxf7
Nxd4 15. Nxd4 Qxd4 16. e6 Bb5 17. Qxf5 Bxf1 18. e7+ Kb8 19. Qe5+ 1-0

[Event "2017 Oceania Zone 3.6 Zonal Championship"]
[Site "Auckland NZL"]
[Date "2017.01.14"]
[Round "1.12"]
[White "Lin, Kerry"]
[Black "Croad, Nicholas"]
[Result "1-0"]
[WhiteElo "1828"]
[BlackElo "2278"]
[PlyCount "69"]
[EventDate "2017.01.14"]

1. e4 c5 2. Nf3 d6 3. d4 cxd4 4. Nxd4 Nf6 5. Nc3 Nc6 6. f3 e5 7. Nxc6 bxc6 8.
Bc4 Qb6 9. Qd3 Be7 10. Rb1 O-O 11. Be3 Qc7 12. O-O h6 13. h3 Bb7 14. Bf2 Rfd8
15. Ba6 Nh5 16. Bxb7 Qxb7 17. Ne2 Rd7 18. c4 Re8 19. g4 Nf6 20. Nc3 Nh7 21. b4
Ng5 22. Kh2 Ne6 23. b5 Nf4 24. Qc2 h5 25. Qa4 c5 26. Be3 hxg4 27. Bxf4 exf4 28.
hxg4 Bf6 29. Nd5 Bd4 30. b6 Re6 31. Kg2 Rh6 32. Nc7 Re7 33. bxa7 Rxe4 34. a8=Q+
Kh7 35. Qc2 1-0

[Event "2017 Oceania Zone 3.6 Zonal Championship"]
[Site "Auckland NZL"]
[Date "2017.01.14"]
[Round "1.13"]
[White "Choong, Yita"]
[Black "Willathgamuwa, Rowan"]
[Result "1-0"]
[WhiteElo "2275"]
[BlackElo "1806"]
[PlyCount "67"]
[EventDate "2017.01.14"]

1. d4 Nf6 2. c4 c5 3. d5 e5 4. Nc3 d6 5. e4 Be7 6. h3 Nbd7 7. Bd3 a6 8. Nge2
O-O 9. Be3 Ne8 10. Qd2 g6 11. g4 Ng7 12. Ng3 Kh8 13. O-O-O Bh4 14. Rdg1 Nf6 15.
Nf1 Ng8 16. f4 exf4 17. Bxf4 f5 18. gxf5 gxf5 19. e5 dxe5 20. Bxe5 Bf6 21. Bxf6
Qxf6 22. Nh2 Bd7 23. Nf3 b5 24. Rg5 bxc4 25. Bb1 Ne8 26. Rhg1 Nd6 27. Qf4 Nb5
28. Ne4 Qe7 29. Rg7 fxe4 30. Qg3 Qf6 31. Ne5 Bg4 32. Qxg4 Qxe5 33. Rxh7+ Kxh7
34. Bxe4+ 1-0

[Event "2017 Oceania Zone 3.6 Zonal Championship"]
[Site "Auckland NZL"]
[Date "2017.01.14"]
[Round "1.14"]
[White "Dragalchuk, Vladislav"]
[Black "Ang, Alphaeus Wei Ern"]
[Result "0-1"]
[WhiteElo "1800"]
[BlackElo "2271"]
[PlyCount "52"]
[EventDate "2017.01.14"]

1. d4 Nf6 2. c4 g6 3. Nf3 Bg7 4. g3 O-O 5. Bg2 d6 6. Nc3 Nc6 7. e4 Bg4 8. h3
Bxf3 9. Bxf3 e5 10. d5 Nd4 11. Bg2 Nd7 12. Be3 f5 13. Ne2 Qf6 14. O-O Nxe2+ 15.
Qxe2 f4 16. Qg4 fxe3 17. Qxd7 e2 18. Rfe1 Qxf2+ 19. Kh1 h5 20. Rg1 Bh6 21. g4
Bf4 22. Qe6+ Kh8 23. Raf1 exf1=Q 24. Rxf1 Qg3 25. Rxf4 Qxf4 26. Qxg6 hxg4 0-1

[Event "2017 Oceania Zone 3.6 Zonal Championship"]
[Site "Auckland NZL"]
[Date "2017.01.14"]
[Round "1.15"]
[White "McLaren, Leonard J"]
[Black "Lane, Ryan"]
[Result "1-0"]
[WhiteElo "2254"]
[BlackElo "1793"]
[PlyCount "63"]
[EventDate "2017.01.14"]

1. e4 e5 2. Nf3 Nc6 3. Nc3 Nf6 4. g3 d5 5. exd5 Nxd5 6. Bg2 Nxc3 7. bxc3 Bc5 8.
O-O O-O 9. d3 Bg4 10. h3 Bh5 11. Qe2 f5 12. Be3 Bd6 13. g4 fxg4 14. Ng5 Qd7 15.
Bd5+ Kh8 16. Be6 Qe7 17. hxg4 Bg6 18. Bd5 Nd8 19. Kg2 c6 20. Be4 Bxe4+ 21. Nxe4
Ne6 22. Rh1 Nf4+ 23. Bxf4 Rxf4 24. Rh3 Rf7 25. Rah1 g6 26. g5 Raf8 27. Nf6 Bc5
28. d4 Rxf6 29. gxf6 Qxf6 30. Rxh7+ Kg8 31. Qc4+ Rf7 32. Rh8+ 1-0

[Event "2017 Oceania Zone 3.6 Zonal Championship"]
[Site "Auckland NZL"]
[Date "2017.01.14"]
[Round "1.16"]
[White "Gold, Hamish R"]
[Black "Smith, Robert W"]
[Result "0-1"]
[WhiteElo "1792"]
[BlackElo "2238"]
[PlyCount "46"]
[EventDate "2017.01.14"]

1. e4 c5 2. Nc3 e6 3. f4 a6 4. a4 d5 5. e5 Nc6 6. Nf3 Nh6 7. Ne2 Be7 8. d4 b6
9. Ng3 O-O 10. c3 f6 11. exf6 Bxf6 12. Ne5 Nxe5 13. fxe5 Bg5 14. Qh5 Bxc1 15.
Rxc1 cxd4 16. cxd4 Bd7 17. b3 Qe7 18. Kd2 Qb4+ 19. Ke3 Qxb3+ 20. Bd3 Bxa4 21.
Rb1 Qa2 22. Ne2 Bb5 23. g4 Bxd3 0-1

[Event "2017 Oceania Zone 3.6 Zonal Championship"]
[Site "Auckland NZL"]
[Date "2017.01.14"]
[Round "1.17"]
[White "Nakauchi, Gene"]
[Black "Plaganyi, Gyula"]
[Result "0-1"]
[WhiteElo "2238"]
[BlackElo "1790"]
[PlyCount "94"]
[EventDate "2017.01.14"]

1. e4 c5 2. Nf3 g6 3. d4 cxd4 4. Nxd4 Nc6 5. Nc3 Bg7 6. Be3 Nf6 7. Be2 O-O 8.
Nb3 a5 9. a4 Nb4 10. O-O d5 11. e5 Ne4 12. Nxe4 dxe4 13. Qxd8 Rxd8 14. Bb6 Rd5
15. Bxa5 Rdxa5 16. Nxa5 Rxa5 17. Rad1 Be6 18. Rd8+ Bf8 19. Bb5 Nc6 20. Bxc6
bxc6 21. Ra1 f5 22. b4 Ra7 23. a5 Kf7 24. Rb8 Bg7 25. a6 Bxe5 26. Rb7 Ra8 27.
Ra5 Bd6 28. Ra1 Bc4 29. a7 Ke6 30. h4 h5 31. Rd1 Bd5 32. g3 c5 33. Rxd5 Kxd5
34. b5 c4 35. Kf1 Kd4 36. Ke2 c3 37. f4 Kc4 38. b6 Kb5 39. Rxe7 Kxb6 40. Re6
Kc5 41. Rxg6 Rxa7 42. Rf6 Ra2 43. Ke3 Rxc2 44. Rxf5+ Kc4 45. Kxe4 Rg2 46. Kf3
Rb2 47. Rxh5 c2 0-1

[Event "2017 Oceania Zone 3.6 Zonal Championship"]
[Site "Auckland NZL"]
[Date "2017.01.14"]
[Round "1.18"]
[White "Korenevski, Oleg"]
[Black "Garbett, Paul A"]
[Result "0-1"]
[WhiteElo "1782"]
[BlackElo "2229"]
[PlyCount "68"]
[EventDate "2017.01.14"]

1. e4 c5 2. Nf3 e6 3. b3 b6 4. Bb2 Bb7 5. Nc3 a6 6. a4 d6 7. d4 cxd4 8. Nxd4
Nf6 9. Bd3 Be7 10. O-O O-O 11. Kh1 Nbd7 12. f4 g6 13. Qe2 Qc7 14. f5 gxf5 15.
exf5 e5 16. Nf3 d5 17. Nxd5 Bxd5 18. Nxe5 Rfe8 19. Rf4 Nxe5 20. Bxe5 Bd6 21.
Rg4+ Kf8 22. Bxf6 Rxe2 23. Bg7+ Ke8 24. Bxe2 Qxc2 25. Bc4 Bxc4 26. Rxc4 Qxf5
27. Re1+ Kd7 28. Rd4 Re8 29. Red1 Qg6 30. Rxd6+ Qxd6 31. Rxd6+ Kxd6 32. h3 Kc5
33. Bc3 Re3 34. b4+ Kc4 0-1

[Event "2017 Oceania Zone 3.6 Zonal Championship"]
[Site "Auckland NZL"]
[Date "2017.01.14"]
[Round "1.19"]
[White "Chew Lee, Max"]
[Black "Cabunagan, Tito"]
[Result "1-0"]
[WhiteElo "2204"]
[BlackElo "1779"]
[PlyCount "35"]
[EventDate "2017.01.14"]

1. e4 d5 2. exd5 Qxd5 3. Nc3 Qe5+ 4. Be2 c6 5. d4 Qa5 6. Nf3 Bg4 7. Ne5 Bxe2 8.
Qxe2 e6 9. Bd2 Qc7 10. O-O-O Nf6 11. Rhe1 Bd6 12. g4 Nbd7 13. g5 Nd5 14. Nxd5
cxd5 15. Nxf7 Kxf7 16. Qxe6+ Kf8 17. Qf5+ Nf6 18. gxf6 1-0

[Event "2017 Oceania Zone 3.6 Zonal Championship"]
[Site "Auckland NZL"]
[Date "2017.01.14"]
[Round "1.20"]
[White "Nagorski, Alex"]
[Black "Hu, Jason"]
[Result "0-1"]
[WhiteElo "1771"]
[BlackElo "2181"]
[PlyCount "60"]
[EventDate "2017.01.14"]

1. Nf3 d5 2. c4 c6 3. b3 Nf6 4. Bb2 Bf5 5. g3 e6 6. Bg2 Be7 7. O-O h6 8. d3 O-O
9. Nbd2 a5 10. Re1 Bh7 11. e4 Na6 12. Bf1 a4 13. cxd5 cxd5 14. a3 axb3 15. e5
Nd7 16. Nxb3 Nac5 17. d4 Na4 18. Bc1 Qb6 19. Bd3 Bxd3 20. Qxd3 Rfc8 21. Nbd2
Rc3 22. Qb1 Qa6 23. Re3 Rac8 24. Rxc3 Nxc3 25. Qb2 Nd1 26. Qb3 Qe2 27. Kg2
Qxf2+ 28. Kh3 Ne3 29. Nh4 Bxh4 30. Ne4 Qf5+ 0-1

[Event "2017 Oceania Zone 3.6 Zonal Championship"]
[Site "Auckland NZL"]
[Date "2017.01.14"]
[Round "1.21"]
[White "Polishchuk, Kirill"]
[Black "Crowley, Regan"]
[Result "0-1"]
[WhiteElo "2175"]
[BlackElo "1761"]
[PlyCount "104"]
[EventDate "2017.01.14"]

1. e4 e6 2. Nf3 d5 3. e5 c5 4. b4 cxb4 5. a3 Nc6 6. axb4 Bxb4 7. c3 Be7 8. d4
h5 9. h4 Nh6 10. Bd3 Nf5 11. Bg5 Bxg5 12. hxg5 h4 13. g4 Nfe7 14. Rxh4 Rxh4 15.
Nxh4 Ng6 16. Nxg6 Qxg5 17. Na3 fxg6 18. Nb5 Kd7 19. Qf3 Ke7 20. Qg3 Qh6 21. Qe3
Bd7 22. Nd6 Rh8 23. Ke2 b6 24. Bb5 a5 25. Rb1 Qh4 26. Qf3 Rf8 27. Qg3 Qxg3 28.
fxg3 Rb8 29. Rf1 Nd8 30. Bd3 b5 31. Bxg6 b4 32. cxb4 axb4 33. Ke3 b3 34. Nf7 b2
35. Nxd8 Rb3+ 36. Kd2 Kxd8 37. Bd3 Rxd3+ 38. Kc2 Rxd4 39. Kxb2 Rxg4 40. Rf3 Ke7
41. Kc3 Re4 42. Kd3 Bb5+ 43. Kd2 Rxe5 44. Rf4 Rg5 45. Rb4 Bc4 46. Ke3 Rxg3+ 47.
Kf4 Rb3 48. Kg5 Rg3+ 49. Kf4 Rb3 50. Ra4 Kf6 51. Ra8 e5+ 52. Kg4 Be2+ 0-1

[Event "2017 Oceania Zone 3.6 Zonal Championship"]
[Site "Auckland NZL"]
[Date "2017.01.14"]
[Round "1.48"]
[White "Qin, Oscar Shu Xuan"]
[Black "Yee, Stanley"]
[Result "0-1"]
[WhiteElo "1375"]
[BlackElo "1931"]
[PlyCount "60"]
[EventDate "2017.01.14"]

1. e4 c5 2. Nf3 d6 3. d4 cxd4 4. Nxd4 Nf6 5. Nc3 a6 6. Be3 e5 7. Nb3 Be6 8. f3
h5 9. Qd2 Nbd7 10. a4 Nb6 11. a5 Nc4 12. Bxc4 Bxc4 13. Ra4 Rc8 14. Bb6 Qd7 15.
Ra1 Be7 16. Kf2 O-O 17. Rhd1 Qe6 18. Nc1 Nd7 19. Be3 Qg6 20. Kg1 h4 21. Kh1
Rfd8 22. b3 Be6 23. N1e2 Nf6 24. Bb6 Rd7 25. Rg1 d5 26. exd5 Nxd5 27. Nxd5 Rxd5
28. Qe1 Rxc2 29. Nc1 Rdd2 30. Qf1 h3 0-1

[Event "2017 Oceania Zone 3.6 Zonal Championship"]
[Site "Auckland NZL"]
[Date "2017.01.14"]
[Round "1.50"]
[White "Li, Leo Xiang Yu"]
[Black "Lim, Benjamin U"]
[Result "1/2-1/2"]
[WhiteElo "1322"]
[BlackElo "1920"]
[PlyCount "68"]
[EventDate "2017.01.14"]

1. e4 e5 2. Nf3 Nc6 3. Bc4 Bc5 4. c3 h6 5. d4 exd4 6. cxd4 Bb4+ 7. Bd2 Bxd2+ 8.
Nbxd2 Nge7 9. d5 Nb8 10. Nb3 d6 11. Qd4 O-O 12. O-O Ng6 13. e5 Nxe5 14. Nxe5
dxe5 15. Qxe5 Nd7 16. Qg3 Nb6 17. Qf4 Qd6 18. Qe4 f5 19. Qd4 Kh8 20. Rac1 Re8
21. Rfe1 Bd7 22. Nc5 Nxc4 23. Qxc4 c6 24. g3 b5 25. Qd4 cxd5 26. Nb7 Rxe1+ 27.
Rxe1 Qb6 28. Qxd5 Bc6 29. Qf7 Bxb7 30. Re7 Qd4 31. Rxb7 Qxb2 32. Qd5 Qc1+ 33.
Kg2 Rf8 34. Rxa7 Qc4 1/2-1/2